00400nam a2200157Ia 4500003000400000005001700004008004100021020001800062050002300080245003400103260003500137300003400172440002100206521000700227526000800234OSt20140311163141.0140130s9999 xx 000 0 und d a9781597070478 aPZ 7b.T717t3 2006 aEvil Jerry! and Deja Cruise / bScholastic,c2006.aNew York : a111 p. :bcol. ill. ;c18 cm. v1aTotally spies aG5 c700